00889nam a2200169 i 4500001000700000003000900007005001700016007000300033008004100036100002000077245010800097260005200205300002000257505039800277700002000675852002400695141790ES-MaACL20230906200353.0t|070928m19091913fr ||||1| fre d1 aWagner, Adolph.10aTraité de la science des finances / cA. Wagner ; trad. française abrégée... par Henry Vouters. aParis : bV. Giard et E. Brière, c1909-1913. a5 v. ; c23 cm.8 aContiene: I. L'organisation de l'économie financière (budget, comptabilité, contrôle), les besoins financiers, les recettes ordinaires en général et les acquêts privés en particulier -- II. Théorie de l'imposition, théorie des taxes et théorie générale des impôts -- III. Le crédit public -- IV y V. Histoire de l'impôt depuis l'Antiquité jusqu'áa nos jours1 aVouters, Henry. aES-MaACLjD-4076-80